000 00658nam a22002297a 4500
003 UA-OsUOA
001 50820
007 ta
008 20140626b un ||||| |||| 00| 0 ukr d
090 _a082
_bН34
942 _cBK
040 _aUA-OsUOA
_bukr
_cUA-OsUOA
_dUA-OsUOA
245 _aНаукові записки. Історичні науки
_b1
300 _a352 с.
955 _a1
041 _aukr
080 _a082
260 _aОстрог
_c2000
650 7 _a08 Видання. Колективні праці
_2UDC
999 _c430951
_d430951